Les méthodes de Monte-Carlo

Sábháilte in:
Sonraí bibleagrafaíochta
Príomhchruthaitheoirí: Hammersley, John Michael (Údar), Hanscomb, D. C (Údar)
Formáid: LEABHAR
Teanga:Fraincis
Foilsithe / Cruthaithe: París Dunod 1967
Sraith:Monographies Dunod
Ábhair:
Clibeanna: Cuir clib leis
Níl clibeanna ann, Bí ar an gcéad duine le clib a chur leis an taifead seo!

MARC

LEADER 00000nam a2200000 a 4500
001 UCU3806
003 CL-VaPUC
008 960510e19670000FR |||||||||||||||||fre|d
082 0 4 |a 519.282  |b HAM  |2 21 
100 |a Hammersley, John Michael  |e author  |9 360941 
700 0 |a Hanscomb, D. C  |e author  |9 360942 
245 1 4 |a Les méthodes de Monte-Carlo 
300 |a 229 p 
942 |c BK 
945 |d 19960510 00:00:00  |a paguirre 
260 |a París  |b Dunod  |c 1967 
650 7 |a PROBABILIDAD A PRIORI  |2 CL-VaPUC  |9 359288 
650 0 |a Modelos matemáticos   |9 259437 
650 0 |a Teoría de probabilidades   |9 336944 
650 0 |a Ecuaciones lineales   |9 342219 
583 |a last modification  |c 19960510 00:00:00  |k Rodrigo Vera 
490 0 |a Monographies Dunod 
999 |c 247687  |d 247685 
952 |0 0  |1 0  |4 0  |6 519_282000000000000_HAM_1967  |7 0  |8 A  |9 263774  |a BIBGIM  |b BIBGIM  |d 2019-11-19  |i 1308165  |o 519.282 HAM 1967  |p 1308165  |r 2025-01-15  |w 2019-11-19  |y BK  |k EST